| 000 | 00885nam a2200265Ia 4500 | ||
|---|---|---|---|
| 003 | OSt | ||
| 005 | 20220926010644.0 | ||
| 006 | a|||||r|||| 00| 0 | ||
| 007 | ta | ||
| 008 | 220923b |||||||| |||| 00| 0 eng d | ||
| 020 |
_a8188204242 _c2500 |
||
| 037 |
_b001/2012-13, 06/06/2012, PIONEER BOOK DISTRIBUTORS _cGeneral Book |
||
| 040 |
_aRTL _cRTL _beng |
||
| 041 |
_2eng _aeng |
||
| 082 | _aY:3(N).2, P3.1 | ||
| 100 |
_aPAL Pratapaditya _94504 |
||
| 245 | 0 | _aAsian art at the Norton Simon Museum. Vol.1. | |
| 260 |
_aNew Haven _bYale University Press _c2003 |
||
| 300 |
_a335p. _ccm. |
||
| 490 | _v01391944- V1: Art from the Indian Subcontinent. (335p) | ||
| 500 | _aBibliography: P 318-24 | ||
| 650 | _aSociology | ||
| 942 |
_hY:3(N).2, P3.1 _cGB _2CC |
||
| 999 |
_c617935 _d617935 |
||